[Event "Topusko op 3rd"]
[Site "Topusko"]
[Date "2014.08.14"]
[Round "8"]
[White "Ghersinich, Giuseppe"]
[Black "Stosic, Davor"]
[Result "1-0"]
[WhiteElo "1922"]
[BlackElo "1677"]
[PlyCount "145"]
[EventDate "2014.08.08"]
[EventType "swiss"]
[EventRounds "9"]
[EventCountry "CRO"]
[SourceTitle "CBM 162 Extra"]
[Source "ChessBase"]
[SourceDate "2014.10.17"]
[SourceVersion "1"]
[SourceVersionDate "2014.10.17"]
[SourceQuality "1"]

1. d4 Nf6 2. c4 c5 3. d5 b5 4. cxb5 a6 5. bxa6 Bxa6 6. Nc3 d6 7. g3 g6 8. Nf3 Bg7 9. Bg2 Nbd7 10. 0-0 0-0 11. Re1 Ng4 12. h3 Nge5 13. Nxe5 Nxe5 14. Qc2 Qa5 15. Bf4 Nc4 16. Rac1 Rfb8 17. b3 Na3 18. Qd2 Nb5 19. Nxb5 Qxb5 20. Be4 Bc8 21. Kh2 Qa5 22. Qxa5 Rxa5 23. Bb1 Bb2 24. Rc2 Bg7 25. e4 Bd4 26. Be3 Bxe3 27. Rxe3 Rb4 28. Rc4 Rab5 29. Rxb4 Rxb4 30. Bd3 Rb6 31. f4 Ba6 32. Bxa6 Rxa6 33. Re2 Rb6 34. Rc2 Ra6 35. Kg2 e6 36. Kf3 exd5 37. exd5 Kf8 38. Ke2 Ke8 39. Kd3 Rb6 40. Rc4 Ra6 41. a4 Kd7 42. g4 h6 43. f5 Ke7 44. fxg6 fxg6 45. Re4+ Kf7 46. Re6 Rb6 47. Kc3 Kg7 48. a5 Rb5 49. a6 Rb6 50. a7 Ra6 51. Re7+ Kf6 52. Rh7 h5 53. gxh5 gxh5 54. Kc4 Ra5 55. Rh6+ Kg5 56. Rh7 Kh4 57. b4 cxb4 58. Kxb4 Ra1 59. Kb5 Kxh3 60. Rxh5+ Kg4 61. Rh7 Kf5 62. Kc6 Ke5 63. Re7+ Kd4 64. Rb7 Ra6+ 65. Kc7 Kxd5 66. Kb8 Kd4 67. a8Q Rxa8+ 68. Kxa8 d5 69. Rd7 Ke4 70. Kb7 d4 71. Kb6 d3 72. Kc5 Ke3 73. Kc4 1-0

[Event "CRO-chT2 Ost"]
[Site "Osijek"]
[Date "2012.10.06"]
[Round "8.13"]
[White "Bosnjak, Nino"]
[Black "Stosic, Davor"]
[Result "1-0"]
[WhiteElo "2240"]
[BlackElo "1620"]
[PlyCount "51"]
[EventDate "2012.04.21"]
[EventType "team-tourn"]
[EventRounds "11"]
[EventCountry "CRO"]
[SourceTitle "EXT 2014"]
[Source "ChessBase"]
[SourceDate "2013.11.20"]
[SourceVersion "1"]
[SourceVersionDate "2013.11.20"]
[SourceQuality "1"]

1. d4 Nf6 2. c4 c5 3. d5 b5 4. cxb5 a6 5. bxa6 Bxa6 6. Nc3 d6 7. e4 Bxf1 8. Kxf1 g6 9. Nf3 Nbd7 10. g3 Bg7 11. Kg2 Ng4 12. Qe2 0-0 13. h3 Nge5 14. Nd2 Nb6 15. f4 Ned7 16. a4 Bxc3 17. bxc3 Rxa4 18. Bb2 Qc7 19. c4 f6 20. h4 Rfa8 21. h5 Rxa1 22. Bxa1 Kg7 23. hxg6 hxg6 24. f5 Nf8 25. Qe3 g5 26. Qxg5+ 1-0

[Event "CRO-chT2 Ost"]
[Site "Osijek"]
[Date "2012.10.06"]
[Round "7.63"]
[White "Sulc, Damir"]
[Black "Stosic, Davor"]
[Result "1-0"]
[WhiteElo "2253"]
[BlackElo "1620"]
[PlyCount "75"]
[EventDate "2012.04.21"]
[EventType "team-tourn"]
[EventRounds "11"]
[EventCountry "CRO"]
[SourceTitle "EXT 2014"]
[Source "ChessBase"]
[SourceDate "2013.11.20"]
[SourceVersion "1"]
[SourceVersionDate "2013.11.20"]
[SourceQuality "1"]

1. e4 c6 2. d4 d5 3. Nc3 dxe4 4. Nxe4 Bf5 5. Ng3 Bg6 6. h4 h6 7. Nf3 Nd7 8. h5 Bh7 9. Bd3 Bxd3 10. Qxd3 Ngf6 11. Bf4 Qa5+ 12. Bd2 Qc7 13. 0-0-0 e6 14. Qe2 0-0-0 15. Ne5 Nb6 16. Ba5 Rd5 17. Bxb6 axb6 18. c4 Rd8 19. f4 Kb8 20. Ne4 Nxe4 21. Qxe4 Bd6 22. Rhf1 f5 23. Qe2 Bxe5 24. fxe5 Qe7 25. Kb1 Rd7 26. g4 fxg4 27. Qxg4 Rhd8 28. a3 c5 29. d5 exd5 30. e6 Rd6 31. Rde1 Re8 32. Rf7 Qg5 33. Qxg5 hxg5 34. cxd5 Rxd5 35. Rxg7 g4 36. h6 Rh5 37. h7 Ka7 38. Rg8 1-0

[Event "CRO-chT2 Ost"]
[Site "Osijek"]
[Date "2012.05.05"]
[Round "5.55"]
[White "Patarcic, Domagoj"]
[Black "Stosic, Davor"]
[Result "1-0"]
[WhiteElo "2044"]
[BlackElo "1620"]
[PlyCount "61"]
[EventDate "2012.04.21"]
[EventType "team-tourn"]
[EventRounds "11"]
[EventCountry "CRO"]
[SourceTitle "EXT 2014"]
[Source "ChessBase"]
[SourceDate "2013.11.20"]
[SourceVersion "1"]
[SourceVersionDate "2013.11.20"]
[SourceQuality "1"]

1. d4 Nf6 2. Nc3 d5 3. Bg5 c6 4. f3 h6 5. Bh4 e6 6. e4 Be7 7. Nh3 Nfd7 8. Bf2 Qa5 9. a3 0-0 10. b4 Qd8 11. Bd3 Re8 12. 0-0 dxe4 13. fxe4 e5 14. d5 Nf6 15. Qf3 Qd7 16. Bg3 Bd6 17. Rad1 Qg4 18. Qe3 Bc7 19. Kh1 Qg6 20. Nf2 Bb6 21. Qe1 Nh5 22. Ne2 Nd7 23. c4 Bxf2 24. Qxf2 Ndf6 25. h3 Nxg3+ 26. Nxg3 Nh5 27. Nxh5 Qxh5 28. Be2 Qg6 29. Rd3 Rf8 30. Rg3 Qd6 31. c5 1-0

[Event "Osijek-ch op"]
[Site "Osijek"]
[Date "2012.02.25"]
[Round "6"]
[White "Stosic, Davor"]
[Black "Lovakovic, Franjo"]
[Result "1/2-1/2"]
[WhiteElo "1620"]
[BlackElo "1947"]
[PlyCount "100"]
[EventDate "2012.02.23"]
[EventType "swiss"]
[EventRounds "7"]
[EventCountry "CRO"]
[SourceTitle "EXT 2013"]
[Source "ChessBase"]
[SourceDate "2012.11.22"]
[SourceVersion "1"]
[SourceVersionDate "2012.11.22"]
[SourceQuality "1"]

1. e4 c5 2. Nf3 d6 3. d4 cxd4 4. Nxd4 Nf6 5. Nc3 a6 6. a4 Nc6 7. Be3 Bd7 8. Be2 Rc8 9. Nb3 g6 10. a5 e6 11. Qd2 Qc7 12. Bb6 Qb8 13. Rd1 Ne5 14. Bd4 Be7 15. Qf4 Bc6 16. f3 Ned7 17. Qe3 Nc5 18. 0-0 0-0 19. Qg5 e5 20. Be3 Nd5 21. Qh6 Nxe3 22. Qxe3 Nxb3 23. cxb3 Qc7 24. Nd5 Bxd5 25. Rxd5 Qc2 26. Rd2 Qc5 27. Qxc5 dxc5 28. Rd7 Bd8 29. Rxb7 Bxa5 30. Ra1 Bd2 31. Rd7 Rcd8 32. Rxd8 Rxd8 33. Kf2 a5 34. Rd1 Rd4 35. Bf1 Kg7 36. Ke2 Bb4 37. Rxd4 cxd4 38. Kd3 f5 39. Be2 Kf6 40. Bd1 g5 41. g4 fxg4 42. fxg4 Ke6 43. Kc4 Kd6 44. Be2 Bd2 45. Bd3 h5 46. h3 hxg4 47. hxg4 Kc6 48. Be2 Bc1 49. Bd1 Bxb2 50. Be2 Ba3 1/2-1/2

[Event "Osijek-ch op"]
[Site "Osijek"]
[Date "2012.02.24"]
[Round "3"]
[White "Jelic, Ivan"]
[Black "Stosic, Davor"]
[Result "0-1"]
[WhiteElo "1949"]
[BlackElo "1620"]
[PlyCount "92"]
[EventDate "2012.02.23"]
[EventType "swiss"]
[EventRounds "7"]
[EventCountry "CRO"]
[SourceTitle "EXT 2013"]
[Source "ChessBase"]
[SourceDate "2012.11.22"]
[SourceVersion "1"]
[SourceVersionDate "2012.11.22"]
[SourceQuality "1"]

1. e4 c6 2. d4 d5 3. exd5 cxd5 4. f4 Nf6 5. Nf3 Bg4 6. Bd3 Nc6 7. c3 e6 8. 0-0 Bd6 9. Qc2 Bxf3 10. Rxf3 g6 11. Nd2 Rc8 12. Nf1 Qd7 13. a3 Nxd4 14. Qd1 Nxf3+ 15. Qxf3 Qc6 16. Qe2 0-0 17. g4 Bc5+ 18. Be3 Qb6 19. Kg2 d4 20. cxd4 Bxd4 21. Rb1 Bxe3 22. Nxe3 Qc6+ 23. Kh3 Nd5 24. Nxd5 Qxd5 25. Be4 Qb3+ 26. Kh4 f5 27. gxf5 exf5 28. Bf3 Rfe8 29. Qg2 Qc2 30. Bxb7 Qxg2 31. Bxg2 Re2 32. Bd5+ Kg7 33. h3 Rd8 34. Bc4 Re4 35. b3 Rxf4+ 36. Kg3 Re4 37. a4 a5 38. Kf3 Rdd4 39. Bb5 Rf4+ 40. Kg3 Rfe4 41. Kf3 Rb4 42. Bc6 Red4 43. Ke3 Rh4 44. Bg2 g5 45. Kd3 g4 46. hxg4 Rhxg4 0-1